ბათუმის შოთა რუსთაველის სახელმწიფო უნივერსიტეტის ბიბლიოთეკა

Анализ сельскохозяйственных растении (ბიბ.ჩანაწერი № 46406)

000 -LEADER
fixed length control field 00725nam a2200229Ia 4500
001 - CONTROL NUMBER
control field 13242
003 - CONTROL NUMBER IDENTIFIER
control field GE_BSU
008 - FIXED-LENGTH DATA ELEMENTS--GENERAL INFORMATION
fixed length control field 181216s||||||||xx |||||||||||||| ||und||
040 ## - CATALOGING SOURCE
Transcribing agency GE_BSU
080 ## - UNIVERSAL DECIMAL CLASSIFICATION NUMBER
Universal Decimal Classification number 631
100 ## - MAIN ENTRY--PERSONAL NAME
Personal name Панфилов,В.Н. Иванов,И.И. Соколов,А.В.
245 ## - TITLE STATEMENT
Title Анализ сельскохозяйственных растении
245 ## - TITLE STATEMENT
Statement of responsibility, etc. Ред.Н.И.Иванов
260 ## - PUBLICATION, DISTRIBUTION, ETC.
Place of publication, distribution, etc. Москва
260 ## - PUBLICATION, DISTRIBUTION, ETC.
Name of publisher, distributor, etc. Сельхозгиз
260 ## - PUBLICATION, DISTRIBUTION, ETC.
Date of publication, distribution, etc. 1941
300 ## - PHYSICAL DESCRIPTION
Extent 276стр.илл.20см.
300 ## - PHYSICAL DESCRIPTION
Dimensions Библиогр.с.251-253
300 ## - PHYSICAL DESCRIPTION
Accompanying material Приложение с.254-275
653 ## - INDEX TERM--UNCONTROLLED
Uncontrolled term Анализ сельскохозяйственных растении
942 ## - ADDED ENTRY ELEMENTS (KOHA)
Koha item type წიგნი
ეგზემპლარები
Withdrawn status Lost status Damaged status Not for loan Date acquired Barcode Date last seen Price effective from Koha item type
        2018-12-17 20822 2018-12-17 2018-12-17 წიგნი